000 00431nam a2200169Ia 4500
008 180921t2014 xxu||||| |||| 00| 0 sin d
041 _asin
080 _aX8C3
_b(Youth) PUN
100 _aPunchihwa, P.P.
245 _aහද රැඳි කතා
246 _aHada Redi Katha
260 _bShiksha Mandira
_aBoralla
_c2014
300 _a160p, 21cm
942 _cBK
999 _c12524
_d12524
003 LK-CoDNM
040 _aLK-CoDNM
_dLK-CoDNM
_eLK-CoDNM